000 02057nam a2200265 a 4500
001 BRCA_9007
005 20190320210505.0
008 190717m17541773sp-a######---#000-0#spa-#
041 _aspa
044 _asp
084 _aLM7
_b.P58 1754
100 1 _aPluche, Noël Antoine
_d1688-1761
_921346
245 1 0 _aEspectáculo de la naturaleza, o conversaciones acerca de las particularidades de la historia natural, que han parecido más a propósito para excitar una curiosidad útil, y formarles la razón a los jóvenes lectores
_cescrito en idioma francés por el Abad M. Pluche.
260 _aMadrid
_bEn la Imprenta de Pedro Marin
_c[1754-1773]
300 _a11 v.
_bil.
_c21.2 x 15.2 cm
500 _aCon las licencias necesarias
500 _aEstado físico: presenta encuadernación en piel
505 0 _aContenido: T.1 Pte.1, 3a ed.-- T.2 Pte.1, 2a ed.-- T.8 Pte.4 Que contiene lo que mira al Cielo, y à las mutuas dependencias de diferentes partes del Universo con las necesidades del hombre demostración Evangélica. 3ª ed.-- T.5 Pte.3, 3ª ed.-- T.9 Pte.5 Que contiene lo que mira al hombre, considerado en sí mismo. 3ª ed.-- T.10 Pte.5, 3ª ed.-- T.14 Pte.7 Que contiene lo que pertenece al hombre en sociedad. 3ª ed. Año de 1773.-- T.14 Pte.7 Que contiene lo que pertenece al hombre en sociedad. Traducido al castellano por el P. Estevan de Terreros y Pando. En la Oficina de D. Gabriel Ramírez. Estado físico: presenta encuadernación en pergamino. Año de 1755.-- T.14 Pte.7 Que contiene lo que pertenece al hombre en sociedad. Traducido al castellano por el P. Estevan de Terreros y Pando. En la Oficina de Joachin Ibarra. 2ª ed. Año de 1758.-- T.15 Pte.8 Que contiene la preparación evangélica. 3ª ed.-- T.16 Pte.8 Que contiene la demostración evangélica. 3ª ed.
650 1 4 _aCiencias naturales
_yObras anteriores a 1800
_921347
700 1 _aTerreros y Pando, Estevan de
_etr.
_922349
700 1 _aIbarra, Joachin
_eImpresor
_922350
700 1 _aRamírez, Gabriel
_eImpresor
_922351
902 _aCFM
942 _2lcc
_cB
999 _c8658
_d8658